|
|
|
|
| LEADER |
00000nam a22000007a 4500 |
| 005 |
20130221172023.0 |
| 007 |
cr|||| |||| |
| 008 |
130221e2012 sp |||||s|||| 00||0 spa d |
| 020 |
|
|
|a 978-84-9031-237-7
|
| 035 |
|
|
|a 7014
|
| 040 |
|
|
|a vLex
|
| 090 |
|
|
|c 3701
|d 3701
|
| 100 |
1 |
0 |
|a Sanz Muzs̀, Eduardo J.
|
| 245 |
1 |
1 |
|a ¿Vendemos?
|b Gua̕ prc̀tica de la venta para emprendedores y nuevos comerciales
|h [Recurso electrn̤ico]
|
| 256 |
|
|
|a Servicio en ln̕ea
|
| 260 |
|
|
|a Madrid :
|b Dykinson,
|c 2012
|
| 300 |
|
|
|a 1 Recurso electrn̤ico
|
| 650 |
0 |
4 |
|a Venta
|
| 650 |
0 |
4 |
|a Marketing
|
| 740 |
|
|
|a vLex Libros (Servicio en ln̕ea)
|
| 856 |
|
|
|a Acceso restringido
|u http://www.vlex.com/source/7014
|
| 942 |
|
|
|c BOOK
|
| 999 |
|
0 |
|a Selling
|